Atlas de toutes les parties connues du globe terrestre, dresse (Record no. 8186)

MARC details
000 -CABECERA
campo de control de longitud fija 01064nam a2200277 a 4500
001 - NÚMERO DE CONTROL
campo de control BRCA_8520
005 - FECHA Y HORA DE LA ÚLTIMA TRANSACCIÓN
campo de control 20190320210322.0
008 - DATOS DE LONGITUD FIJA--INFORMACIÓN GENERAL
campo de control de longitud fija 210716s1730----sz-ab#####---#000-0#fre-#
041 ## - CÓDIGO DE LENGUA
Código de lengua del texto/banda sonora o título independiente fre
044 ## - CÓDIGO DEL PAÍS DE LA ENTIDAD EDITORA/PRODUCTORA
Código MARC del país sz
050 #4 - SIGNATURA TOPOGRÁFICA DE LA BIBLIOTECA DEL CONGRESO
Número de clasificación D22
Número de documento/Ítem .R39
-- 1730
100 1# - ENTRADA PRINCIPAL--NOMBRE DE PERSONA
Nombre de persona Raynal, Guillaume-Thomas
9 (RLIN) 21374
245 10 - MENCIÓN DE TÍTULO
Título Atlas de toutes les parties connues du globe terrestre, dresse
Mención de responsabilidad, etc. Par Guillaume-Thomas Raynal
260 ## - PUBLICACIÓN, DISTRIBUCIÓN, ETC.
Lugar de publicación, distribución, etc. Génova, Suiza
Nombre del editor, distribuidor, etc. Chez Jean-Leonard Pellet
Fecha de publicación, distribución, etc. 1730
Nombre del editor, distribuidor, etc. il., mapas, planos
Fecha de publicación, distribución, etc. 26 cm.
500 ## - NOTA GENERAL
Nota general Ejemplar se encuentran en caja fuerte
500 ## - NOTA GENERAL
Nota general Fondo antiguo
500 ## - NOTA GENERAL
Nota general T-30
500 ## - NOTA GENERAL
Nota general Con Ex-libris de: Franz Mayer y C.D´OETTING
500 ## - NOTA GENERAL
Nota general Edición con cantos en color rojo
500 ## - NOTA GENERAL
Nota general Estado físico: la encuadernación se encuentra desgastada de la tapa y rasgada de uno de los tejuelos
506 0# - NOTA DE RESTRICCIONES AL ACCESO
Limitaciones de acceso Fondo reservado: para su consulta es necesario credencial de usuario y carta de motivos
650 14 - PUNTO DE ACCESO ADICIONAL DE MATERIA--TÉRMINO DE MATERIA
Término de materia o nombre geográfico como elemento de entrada Colonización
Subdivisión general Historia
9 (RLIN) 20616
650 14 - PUNTO DE ACCESO ADICIONAL DE MATERIA--TÉRMINO DE MATERIA
Término de materia o nombre geográfico como elemento de entrada Comercio
Subdivisión de forma Paises dominados
Subdivisión general Historia
9 (RLIN) 20617
902 ## - CATALOGADOR
Iniciales LAR
942 ## - ELEMENTOS DE PUNTO DE ACCESO ADICIONAL (KOHA)
Fuente del sistema de clasificación o colocación Library of Congress Classification
Tipo de ítem Koha Libros
Holdings
Estado de retiro Estado de pérdida Estado dañado No para préstamo Localización permanente Ubicación/localización actual Fecha de adquisición Número de inventario Total de préstamos Signatura topográfica completa Código de barras Fecha visto por última vez Precio válido a partir de Tipo de ítem Koha
El ejemplar forma parte de la colección y puede ser consultado según las políticas vigentes.       Biblioteca del Museo Franz Mayer (Rogerio Casas-Alatriste) Biblioteca del Museo Franz Mayer (Rogerio Casas-Alatriste) 21/07/2016 T-30   D22 .R39 1730 (T-30) LAR00030 22/03/2019 22/03/2019 Libros